Bagnères-de-Bigorre - Choix Multiples - Statistiques

Statistiques générales
  • Ce quiz a été pris 21 fois
  • Le résultat moyen est 6 sur 10
Statistiques - réponses
Question Réponse % Correct
De quel département la ville est-elle sous-préfecture ? Hautes-Pyrénées
93%
Quel sommet important est (en partie) sur le territoire de la commune ? Le Pic du Midi de Bigorre
87%
Durant son Histoire, Bagnères a été souvent touchée par des... Séismes
60%
Quel village ou station ne fait pas partie de la commune de Bagnères-de-Bigorre ? Superbagnères
60%
Quelle image représente l'église Saint-Vincent ?
53%
Bagnères est réputée ville thermale notamment grâce à un centre thermo-ludique en particulier. Comment s'appelle-t-il ? Aquensis
53%
Pierre-Georges Latécoère, industriel de Bagnères, est connu pour avoir... ...été le premier à faire de Toulouse un site aéronautique.
53%
De quelle roche la ville a-t-elle fait commerce au XIXe siècle ? Le marbre.
53%
Plusieurs épidémies de ... y ont particulièrement sévi, brisant plusieurs fois son essor. Peste
40%
Quelle cité résidentielle n'est pas située à Bagnères ? Ophite
33%
Aucun quiz correspondant
Distribution des résultats
% des personnes avec chaque résultat
Percentile par nombre de réponses
Votre historique - résultats
Vous n’avez pas pris ce quiz